000 00717nam a22002177a 4500
999 _c177250
_d177250
005 20210216110839.0
010 _aENG-128991
020 _c295.00
_a978-81-9381934-0
035 _aEN-112523
037 _bDBAD/PUB
082 _a881
100 _aKeats, John
245 _aSelected Poems/
_cBy John Keats, Robert Frost and William Wordsworth
260 _aDelhi
_bUniversal Press
_c2021
270 _bDelhi
_aB-109, 3rd Floor, Preet Vihar
_e110092
_muniversalpressdel@gmail.com
300 _a208p.
_c22cm(hbk)
500 _aCompiler and Editor: Saurabh Kaushik Cover Design By: Surendra Goswami
700 _aFrost , Robert
700 _aWordsworth, William
942 _2ddc
_cEN
_h881
_mKEA